000 00716nam a22002297a 4500
005 20170124105915.0
010 _aA-604691
020 _c200.00
_a8185689075
035 _aA-604691
037 _bCen Lib/Ret
040 _aDPL
_bEN
082 _a020.92
_bSAT
100 _aSatija, M. P.
_9106522
245 _aS R Ranganathan and the method of science /
_cby M. P. Satija
260 _aNew Delhi
_bAditya Prakashan
_c1992
270 _aF-14/65 Model Town II,
_bDelhi
_e110009
300 _aIix,181p.
_c22cm(Hb)
500 _aIncludes bibliographical references and index
650 _aLibrary Science
_9106523
650 _aPhilosophy-Library Science
_92258
942 _2ddc
_cEN
_h020.92
_mSAT
999 _c122782
_d122782